000 00582nam a2200193Ia 4500
003 GCL
008 140319s9999 xx 000 0 ara d
040 _aGCL /
_cGCL
082 0 4 _a229.5
_bم ق
100 1 _aابراهيم سعده
245 1 0 _aقصص الحيوان فى القران /
_cابراهيم سعده
250 _aالاولى
260 _aالقاهرة :
_bدار اخبار اليوم ،
_c1999
300 _a252 ص ؛
_c24 سم
650 0 4 _aقصص القران
650 0 4 _aالقران الكريم
650 0 4 _aالحيوان - قصص
942 _2ddc
_cBK
999 _c389
_d389